Big 4 'B' Team Blitz Quiz Stats

 Plays Quiz Updated Nov 15, 2018

     
Support Sporcle.
Go Orange.
Score 0/15 Timer 01:30
4 Plays Today
League Team % Correct
NFLBears
77.5%
NHLBruins
75.3%
NFLBills
74%
NFLBrowns
72.1%
NFLBengals
70.8%
MLBBlue Jays
64.7%
NBABulls
63.2%
NFLBuccaneers
61.6%
League Team % Correct
NFLBroncos
61.2%
MLBBraves
57.6%
NHLBlues
51.6%
NBABucks
51.6%
NHLBlackhawks
46.4%
MLBBrewers
44.6%
NHLBlue Jackets
44.5%

From the Vault

Words in Words: TV Shows

by giveupyet

We'll never be able to pronounce these shows correctly again.
Remove Ads.
Support Sporcle.
Get the best of Sporcle when you Go Orange. This ad-free experience offers more features, more stats, and more fun while also helping to support Sporcle. Thank you for becoming a member.

Show Comments

Extras

Top Quizzes Today


Score Distribution

Your Account Isn't Verified!

In order to create a playlist on Sporcle, you need to verify the email address you used during registration. Go to your Sporcle Settings to finish the process.

Report this User

Report this user for behavior that violates our Community Guidelines.

Details: